| Tag |
First Indicator |
Second Indicator |
Subfields |
| LEADER |
00000pam a2200000 a 4500 |
| 001 |
in00000576708 |
| 005 |
20151014063803.0 |
| 008 |
830207s1984 caua b s00110 eng |
| 010 |
|
|
|a 83001396
|
| 020 |
|
|
|a 0520048091
|
| 035 |
|
|
|a (OCoLC)09280840
|
| 035 |
|
|
|9 ACN4699AM
|
| 039 |
0 |
|
|a 2
|b 3
|c 3
|d 3
|e 3
|
| 040 |
|
|
|a DLC
|c DLC
|d TXA
|d UtOrBLW
|
| 043 |
|
|
|a aw-----
|a n-us---
|
| 049 |
|
|
|a TXAM
|c [A09049626]
|
| 050 |
0 |
0 |
|a DS63.2.U5
|b D68 1984
|
| 082 |
0 |
|
|a 327.56073
|2 19
|
| 100 |
1 |
|
|a Dowty, Alan,
|d 1940-
|
| 245 |
1 |
0 |
|a Middle East crisis :
|b U.S. decision-making in 1958, 1970 and 1973 /
|c Alan Dowty.
|
| 264 |
|
1 |
|a Berkeley :
|b University of California Press,
|c [1984]
|
| 264 |
|
4 |
|c ©1984
|
| 300 |
|
|
|a xiv, 416 pages :
|b illustrations ;
|c 25 cm.
|
| 336 |
|
|
|a text
|b txt
|2 rdacontent
|
| 337 |
|
|
|a unmediated
|b n
|2 rdamedia
|
| 338 |
|
|
|a volume
|b nc
|2 rdacarrier
|
| 490 |
1 |
|
|a International crisis behavior series ;
|v v. 3
|
| 500 |
|
|
|a Issued without series statement
|
| 500 |
|
|
|a "International Crisis Behavior Project."
|
| 500 |
|
|
|a Includes indexes.
|
| 504 |
|
|
|a Bibliography: pages 381-393.
|
| 650 |
|
0 |
|a International relations
|x Decision making.
|
| 651 |
|
0 |
|a Middle East
|x Foreign relations
|z United States
|x Decision-making.
|
| 651 |
|
0 |
|a United States
|x Foreign relations
|z Middle East
|x Decision-making.
|
| 651 |
|
0 |
|a United States
|x Foreign relations
|y 1953-1961
|x Decision-making.
|
| 651 |
|
0 |
|a United States
|x Foreign relations
|y 1969-1974
|x Decision-making.
|
| 651 |
|
0 |
|a United States
|x Foreign relations administration.
|
| 710 |
2 |
|
|a International Crisis Behavior Project.
|
| 830 |
|
0 |
|a International crisis behavior series ;
|v v. 3.
|
| 999 |
|
|
|a MARS
|
| 999 |
f |
f |
|s df2056b1-0287-3e5e-9237-b92d9782aa48
|i 836478d3-9994-35bf-8ed6-257a7c33ec0c
|t 0
|
| 952 |
f |
f |
|p ric
|a Texas A&M University
|b Rellis Campus
|c Joint Library Facility
|d Remote Storage
|t 0
|e DS63.2.U5 D68 1984
|h Library of Congress classification
|i unmediated -- volume
|m A14809049626
|
| 998 |
f |
f |
|a DS63.2.U5 D68 1984
|t 0
|l Remote Storage
|